Les 20 plus grandes aires urbaines d'Afrique - Statistiques

Statistiques générales
  • Ce quiz a été pris 135 fois
  • Le résultat moyen est 16 sur 20
Statistiques - réponses
Pays Population Aire urbaine % Correct
Algérie 8 096 123 Alger
100%
Égypte 20 439 541 Le Caire
99%
Sénégal 3 137 196 Dakar
98%
République démocratique du Congo 17 239 463 Kinshasa
94%
Maroc 6 861 739 Casablanca
93%
Afrique du Sud 5 635 127 Johannesburg
92%
Afrique du Sud 3 740 026 Le Cap
92%
Côte d'Ivoire 6 321 017 Abidjan
91%
Nigeria 22 829 561 Lagos
91%
Kenya 4 522 805 Nairobi
85%
Libye 3 072 000 Tripoli
85%
Égypte 4 594 360 Alexandrie
84%
Soudan 7 221 323 Khartoum
81%
Éthiopie 4 567 857 Addis-Abeba
78%
Ghana 4 530 904 Accra
74%
Angola 6 542 942 Luanda
73%
Afrique du Sud 3 442 361 Durban
51%
Tanzanie 4 867 056 Dar es Salam
49%
Nigeria 4 956 615 Kano
45%
Nigeria 5 881 345 Ibadan
35%
Aucun quiz correspondant
Distribution des résultats
% des personnes avec chaque résultat
Percentile par nombre de réponses
Votre historique - résultats
Vous n’avez pas pris ce quiz